| 000 | 00938nam a2200289Ia 4500 | ||
|---|---|---|---|
| 008 | 160803s9999 xx 000 0 und d | ||
| 020 | _a9781561452088 | ||
| 100 | _aDeedy, Carmen Agra | ||
| 245 | 4 | _aThe yellow star : | |
| 245 | _cCarmen Agra Deedy ; illustrated by Henri Sørensen. | ||
| 260 | _aNew York : | ||
| 260 | _bScholastic Inc. | ||
| 260 | _c2000 | ||
| 300 | _a1 volume (unpaged) : | ||
| 300 | _bcolor illustrations ; | ||
| 300 | _c29 cm | ||
| 650 | _aChristian -- X, -- King of Denmark, -- 1870-1947 -- | ||
| 650 | _aChristian -- X, -- King of Denmark, -- 1870-1947 -- | ||
| 650 | _aChristian -- X, -- King of Denmark, -- 1870-1947. | ||
| 650 | _aDenmark -- History -- German occupation, 1940-1945 -- | ||
| 650 | _aDenmark -- History -- German occupation, 1940-1945 -- | ||
| 650 | _xFiction. | ||
| 650 | _xFiction. | ||
| 650 | _xJuvenile fiction. | ||
| 650 | _xPicture books. | ||
| 700 | _a550 | ||
| 999 |
_c298147 _d298147 |
||